Gran atlas de anatomía humana (Registro nro. 13084)

Detalles MARC
000 -CABECERA
Longitud fija campo de control 00819nam a22002415b 4500
001 - NÚMERO DE CONTROL
Número de control Mimo0000136361
003 - IDENTIFICADOR DELl NÚMERO DE CONTROL
Identificador del número de control OSt
005 - FECHA Y HORA DE LA ÚLTIMA TRANSACCIÓN
Fecha y hora de la última transacción 20140820213003.0
008 - CÓDIGOS DE INFORMACIÓN DE LONGITUD FIJA
Códigos de información de longitud fija 920318s1991 sp | |||| ||spa
020 ## - NÚMERO INTERNACIONAL NORMALIZADO PARA LIBROS
Número Internacional Normalizado para Libros (ISBN) 84-86590-12-4
040 ## - FUENTE DE LA CATALOGACIÓN
Centro transcriptor BMC
082 ## - NÚMERO DE LA CLASIFICACIÓN DECIMAL DEWEY
Númeroo de clasificación 611.0223
100 1# - PUNTO DE ACCESO PRINCIPAL-NOMBRE DE PERSONA
Nombre de persona McMinn, R. M. H.
245 1# - MENCIÓN DE TÍTULO
Título Gran atlas de anatomía humana
Mención de responsabilidad, etc. R.M.H. McMinn, R.T. Hutchings ; [traducción, José Rafael Blengio Pinto, Jorge Orozaga Samperio]
260 ## - PUBLICACIÓN, DISTRIBUCIÓN, ETC. (PIE DE IMPRENTA)
Lugar de publicación, distribución, etc. Barcelona
Nombre del editor, distribuidor, etc. Océano/Centrum
Fecha de publicación, distribución, etc. 1990
300 ## - DESCRIPCIÓN FÍSICA
Extensión 2 v.
Otras características físicas principalmente il. col. y n.
Dimensiones 31 cm
594 ## - NOTA AL TÍTULO Y MENCIÓN DE RESPONSABIBLIDAD
Nota Al Título Y Mención De Responsabilidad Traducción de: A colour atlas of human anatomy
650 24 - PUNTO DE ACCESO ADICIONAL DE MATERIA - TÉRMINO DE MATERIA
Término de materia o nombre geográfico como elemento inicial Anatomía humana
Subdivisión de forma Atlas
Fuente del encabezamiento o término embne
9 (RLIN) 24075
700 1# - PUNTO DE ACCESO ADICIONAL - NOMBRE DE PERSONA
Nombre de persona Hutchings, R.T.
9 (RLIN) 24073
700 1# - PUNTO DE ACCESO ADICIONAL - NOMBRE DE PERSONA
9 (RLIN) 23924
Nombre de persona Blengio Pinto, José Rafael
700 1# - PUNTO DE ACCESO ADICIONAL - NOMBRE DE PERSONA
9 (RLIN) 7980
Nombre de persona Origaza Samperio, Jorge
942 ## - ENTRADA DE ELEMENTOS AGREGADOS (KOHA)
Fuente de clasificaión o esquema Dewey Decimal Classification
Koha [por defecto] tipo de item 1- Monografias
Existencias
Suprimido Perdido Fuente de clasificación o esquema Estropeado Restricciones de uso No para préstamo Código de colección Localización permanente Localización actual Localización en estanter&íacute;as Fecha adquisición Fuente de adquisición Número de inventario Préstamos totales Renovaciones totales Signatura completa Código de barras Fecha última consulta Fecha último préstamo Coste, precio reemplazado Fecha del precio de reemplazo Tipo de item de Koha
NULL NULL Dewey Decimal Classification NULL Prestable NULL NULL Biblioteca Miguel de Cervantes - UNICAES Biblioteca Miguel de Cervantes - UNICAES Sala Principal 19/08/2014 Donación - Moisés Martínez 020654 9 1 611.02 MCM gra (v. 1) 1021011 19/09/2023 19/09/2023 102.66 19/08/2014 1- Monografias
NULL NULL Dewey Decimal Classification NULL Prestable NULL NULL Biblioteca Miguel de Cervantes - UNICAES Biblioteca Miguel de Cervantes - UNICAES Sala Principal 19/08/2014 Donación - Moisés Martínez 020655 11   611.02 MCM (v. 2) 1021012 19/09/2023 19/09/2023 102.66 19/08/2014 1- Monografias